=LDR 00000nam 2200000 4500 =001 INLIS000000000013878 =005 20130612105211 =008 ***********************************Ind** =035 ##$$0010-061300000013878 =041 ##$$a Ind =082 ##$$a 2x5.4 =090 ##$$a 2x5.4, Sul z =100 ##$$a Sultani, Mawardi Labay =245 ##$$a Zikir dan doa dengan Al-Asma Al-Husna doa para wali Allah, Mawardi Labay El-Sultani =260 ##$$a 2003 $b Jakarta =300 ##$$a 271 hlm, 17,5 cm =650 ##$$a Zikir dan doa =850 ##$$a NBPNMAT